| 000 | 00449nam a2200181Ia 4500 | ||
|---|---|---|---|
| 001 | 8497 | ||
| 005 | 20260306160613.0 | ||
| 008 | 260306t2017||||xx |||||||||||||| ||spa|| | ||
| 041 | _aESP | ||
| 082 |
_a371.1 _bM36 |
||
| 100 |
_aMedina Rivilla, Antonio _eAUT |
||
| 245 | 0 | _aInnovación de la educación y de la docencia | |
| 260 | _c2017 | ||
| 300 |
_axvii, 375 páginas : _c24 cm. |
||
| 650 | _aGEN | ||
| 654 | _aCED | ||
| 942 |
_cLIB _dJUS _fJUS _2ddc _n |
||
| 999 |
_c8497 _d8497 |
||